| 000 | 00629nam a2200181 a 4500 | ||
|---|---|---|---|
| 001 | 000040294 | ||
| 005 | 20201002034035.0 | ||
| 008 | 130802s2004 mx 000 0 spa d | ||
| 020 | _a9703216587 | ||
| 040 |
_aDO-SdBNP _bspa _cBNPHU |
||
| 100 | 1 |
_aRabasa, Emilio _d1856-1930 _966576 |
|
| 245 | 1 | 0 |
_aLa guerra de tres años / _cEmilio Tabasa ; introducción y traducción Víctor Herrera. |
| 260 |
_aMéxico : _bUniversidad Nacional Autónoma de México, _c2004. |
||
| 300 |
_a50 p. ; _c18 cm. |
||
| 490 | 1 |
_aRelato Licenciado Vidriera _v21 |
|
| 700 | 1 |
_aCarballo, Emmanuel, _966577 |
|
| 830 | 0 |
_aRelato Licenciado Vidriera _v21 _966234 |
|
| 999 |
_c39784 _d39784 |
||